Statistiche per Province che confinano con la Provincia di Parma

Clicka qui per fare il quiz!

Statistiche generali

  • Questo quiz è stato fatto 21 volte
  • Il punteggio medio è 6 su 7

Statistiche sulle risposte

RegioneProvincia% Corretto
LiguriaCittà metropolitana di Genova
100%
ToscanaProvincia di Massa-Carrara
100%
Emilia-RomagnaProvincia di Reggio Emilia
100%
LombardiaProvincia di Mantova
92%
LombardiaProvincia di Cremona
83%
Emilia-RomagnaProvincia di Piacenza
75%
LiguriaProvincia della Spezia
58%

Distribuzione punteggi

Percentile per numero di risposta

Percentuale di utenti per punteggio

I tuoi punteggi nel tempo

Non hai fatto questo quiz